01033nab a22002417a 4500999001500000003000400015005001700019008004100036040000700077100003300084245011100117260007300228300001500301500007100316505008900387650003500476650003600511650002200547650002600569650004500595773013800640942001300778 c5651d5651OSt20251226213352.0190603e xxum|||| |||| 00| 0 spa d cPJ 96615aKalemkerian, Fernando 10aApuntes sobre la indexación y la cosa juzgada a propósito del fallo "Barrios" /cFernando Kalemkerian. cCiudad Autónoma de Buenos Aires :aThomson Reuters La Ley, b2025. ap. 195-198 aCita: TR LALEY AR/DOC/1047/2025 Publicado en: RCCyC 2025 (junio). t¿Te interesa el texto completo? Solicitalo al correo: koha@justierradelfuego.gov.ar 091497aCODIGO CIVIL Y COMERCIAL 093790aACTUALIZACIÓN MONETARIA 09965aCOSA JUZGADA 092356aSENTENCIA FIRME 09530aOBLIGACIONES DE DAR SUMAS DE DINERO0 0271393170dCiudad Autónoma de Buenos Aires : Thomson Reuters La Ley, 2015-tRevista Código Civil y Comercial. Nº 3 - Junio 2025 2udccANA